00663 2200241 4500001002100000005001700021008004100038020001800079035002400097090001500121100002200136245006000158250001800218260002700236300003000263500003100293650003700324850001300361980001300374985000600387986001300393999001500406YOGYA-0209000001994720090227023354.0 ind  a979-503-278-x 0010-020900000019947 a657bBas A aBASWIR, Revrisond aAkuntansi pemerintahan IndonesiacOleh Revrisond Baswir aEd. 2, Cet. 5 aYogyakartabBPFEc1994 axii, 152 hlmbilusc21 cm aBibliografi : hlm. 149-150 aAkuntansi - Pemerintah Indonesia aYOPDYOGB a01/05/06 a1 aPKL-UGMM a95P0073967